zgadnij piłkarza - Statystyki

Ogólne statystyki
  • Ten quiz został rozwiązany 1 395 razy
  • Średni wynik to 12 z 16
Statystyki odpowiedzi
Obrazkowy Odpowiedź % Poprawnych
cristiano ronaldo
99%
robert lewandowski
99%
kylian mbappe
86%
andre onana
85%
lautaro martinez
85%
jude bellingham
84%
lisandro martinez
83%
joao felix
81%
marcus rashford
81%
bernardo silva
80%
bruno fernandes
77%
julian alvarez
73%
jadon sancho
69%
mason mount
56%
mason greenwood
37%
kobie mainoo
36%
Nie znaleziono quizów pasujących do podanych kryteriów
Rozkład punktacji
Procent ludzi z każdym wynikiem
Percentyl według liczby udzielonych odpowiedzi
Twoja historia wyników
Nie rozwiązałeś tego quizu